Statistics for Countries who's first vowel is an E

Click here to take the quiz!

General Stats

  • This quiz has been taken 52 times
  • The average score is 26 of 36

Answer Stats

Continent Country % Correct
AfricaEritrea
93%
AfricaEthiopia
91%
EuropeEstonia
89%
AfricaEgypt
89%
EuropeGermany
89%
North AmericaMexico
89%
EuropeDenmark
84%
North AmericaEl Salvador
82%
South AmericaPeru
82%
EuropeBelarus
82%
EuropeSweden
82%
South AmericaEcuador
82%
EuropeNetherlands
80%
EuropeGreece
80%
AfricaSenegal
80%
EuropeBelgium
80%
OceaniaNew Zealand
78%
AsiaYemen
78%
North AmericaBelize
78%
AfricaBenin
76%
South AmericaVenezuela
76%
EuropeSerbia
76%
AfricaKenya
73%
AfricaEquatorial Guinea
67%
EuropeCzech Republic
64%
AfricaLesotho
64%
AfricaSeychelles
62%
North AmericaGrenada
62%
AsiaNepal
60%
AfricaDemocratic Republic of the Congo
60%
AsiaLebanon
58%
AsiaGeorgia
56%
AsiaEast Timor
56%
AfricaRepublic of the Congo
53%
OceaniaFederated States of Micronesia
47%
AfricaCentral African Republic
44%

Score Distribution

Percentile by Number Answered

Percent of People with Each Score

Your Score History

You have not taken this quiz